000 00803cam a2200193 4500
001 WB3701-12
008 000000n2001 000 0 eng u
035 _a(Sirsi) u110095
245 _aRebellion on home sale packs
260 _c2001
490 _aGuardian
_v2 January 2001, 4(1)
520 _aOn the first day of the new parliamentary term, government faces a back-bench revolt against plans to require people selling their homes to obtain a seller's pack. Details the objections of a number of Labour MPs, who include those with constituencies in areas of economic and social decline.
590 _aWB
650 _aSELLERS INFORMATION PACKS
650 _aMPS
650 _aPROPERTY-RESIDENTIAL PROPERTY-ACQUISITION AND DISPOSAL OF RESIDENTIAL PROPERTY
690 _aHOUSING
942 _n0
999 _c65662
_d65662